Statistiques concernant Coupe du Monde 1930 : Un Joueur, une équipe

Cliquez ici pour prendre le quiz!

Statistiques générales

  • Ce quiz a été pris 33 fois
  • Le résultat moyen est 11 sur 13

Statistiques - réponses

Réponse% Correct
France
100%
Brésil
94%
Yougoslavie
94%
Argentine
90%
Roumanie
90%
Uruguay
90%
Mexique
87%
Belgique
84%
Etats-Unis
81%
Paraguay
77%
Bolivie
74%
Chili
71%
Pérou
61%

Distribution des résultats

Percentile par nombre de réponses

% des personnes avec chaque résultat

Votre développement - résultats

Vous n’avez pas pris ce quiz